Czy potrafisz wymienić 10 krajów z największą liczbą wysp? - Statystyki

Ogólne statystyki
  • Ten quiz został rozwiązany 112 razy
    105 od ostatniego zresetowania
  • Średni wynik to 8 z 11
Statystyki odpowiedzi
Hint Odpowiedź % Poprawnych
17,504 wyspy Indonezja
91%
52,455 wyspy Kanada
89%
18,617 wyspy Stany Zjednoczone
88%
6,852 wyspy Japonia
87%
267,570 wyspy Szwecja
79%
239,057 wyspy Norwegia
78%
7,641 wyspy Filipiny
74%
8,222 wyspy Australia
72%
178,947 wyspy Finlandia
71%
5,000 wyspy Chiny
66%
5,000 wyspy Chile
51%
Nie znaleziono quizów pasujących do podanych kryteriów
Rozkład punktacji
Procent ludzi z każdym wynikiem
Percentyl według liczby udzielonych odpowiedzi
Twoja historia wyników
Nie rozwiązałeś tego quizu od ostatniego zresetowania